书目信息 |
| 题名: |
木工
|
|
| 作者: | ;陕西省建筑工程局<<木工>>编写组 编 | |
| 分册: | ||
| 出版信息: | 北京 中国建筑工业出版社 1978 |
|
| 页数: | 257页 | |
| 开本: | 19cm | |
| 丛书名: | 建筑工人技术学习丛书 | |
| 单 册: | ||
| 中图分类: | TS65 | |
| 科图分类: | ||
| 主题词: | 木工 , 木材加工 | |
| 电子资源: | ||
| ISBN: | ||
| 000 | 00752cam2 2200265 459805 | |
| 001 | 0632939624 | |
| 005 | 20060815154702.90 | |
| 010 | @dCNY0.53 | |
| 091 | @a15040.3112 | |
| 100 | @a19970526d1978 y0chiy0121 ea | |
| 101 | 0 | @achi |
| 102 | @aCN@b110000 | |
| 105 | @afk z 000yy | |
| 106 | @ar | |
| 200 | 10 | @a木工@Amu gong@f陕西省建筑工程局<<木工>>编写组编 |
| 210 | @a北京@c中国建筑工业出版社@d1978 | |
| 215 | @a257页@c图,表@d19cm | |
| 225 | 2 | @a建筑工人技术学习丛书 |
| 410 | 0 | @1 20010@a建筑工人技术学习丛书 |
| 606 | @a木工 | |
| 606 | 0 | @a木材加工 |
| 690 | @aTS65@v3 | |
| 711 | 02 | @a陕西省建筑工程局<<木工>>编写组@4编@Ashan xi sheng jian zhu gong cheng ju<< mu gong>> bian xie zu |
| 801 | 0 | @c20060815 |
| 905 | @a10447@dTS65@e39 | |
| 木工/陕西省建筑工程局<<木工>>编写组编 .-北京:中国建筑工业出版社,1978 |
| 257页:图,表;19cm .-(建筑工人技术学习丛书 ) |
| ISBN :CNY0.53 |
| ● |
| 相关链接 |
|
|
|
|
正题名:木工
索取号:TS65/39
 
预约/预借
| 序号 | 登录号 | 条形码 | 馆藏地/架位号 | 状态 | 备注 |
| 1 | 0438705 | 204387056 | 密集书库/ [索取号:TS65/39] | 在馆 | |
| 2 | 0458578 | 204585788 | 密集书库/ [索取号:TS65/39] | 在馆 |